000 00873cam a2200325 4500
008 090401t1997 xxu||||| |||| 00| 0 eng d
020 _a0117533947
035 _a(Sirsi) u77565
041 _aeng
050 _a306.0212
110 _aUnited Kingdom
_bDepartment of the Environment
_9982
245 _aHousing and construction statistics 1985-1995 : Great Britain.
260 _aLondon
_bStationery Office
_c1997
300 _aviii,224p. ; 30cm.
350 _a28
650 _aBUILDING INDUSTRY
650 _aCONSTRUCTION INDUSTRY
650 _aCONSTRUCTION OUTPUT
650 _aHOUSE BUILDING
650 _aHOUSING FINANCE
650 _aHOUSING RENOVATION
650 _aHOUSING STOCK
650 _aHOUSING
650 _aINVESTMENT
650 _aSLUM CLEARANCE
650 _aSTATISTICS
690 _aHOUSING
942 _n0
948 _c04/04/1997
999 _c96325
_d96325